| 000 | 01628nab a2200289 a 4500 | ||
|---|---|---|---|
| 001 | a166536 | ||
| 003 | INTEC | ||
| 005 | 20250425121534.0 | ||
| 006 | a|||||r|||| 00| 0 | ||
| 007 | ta | ||
| 008 | 171124e2017 xxu|||p|r||||||0| 0 spa d | ||
| 022 | _a1991-5292 | ||
| 040 |
_aDO-SdINT _cDO-SdINT _dDO-SdBNP _erda |
||
| 041 | _aspa | ||
| 044 | _adr | ||
| 245 |
_aLa irrenunciabilidad de los derechos en la jurisprudencia laboral dominicana / _cDomingo Antonio Gil. |
||
| 264 |
_aSanto Domingo, República Dominicana : _bPoder Judicial, _cene.-jun. 2017. |
||
| 300 | _apágina. 72-80. | ||
| 336 |
_atexto _btxt _2rdacontent |
||
| 337 |
_asin mediación _bn _2rdamedia |
||
| 338 |
_avolumen _bnc _2rdacarrier |
||
| 362 | _aene.-jun. 2017. | ||
| 520 | _aTiene el propósito de analizar el comportamiento de la jurisprudencia de la Suprema Corte de Justicia respecto del principio de la irrenunciabilidad de derechos de materia laboral, consagrado por el V principio fundamental del Código de trabajo. Se analiza la jurisprudencia de principio de dicho tribunal y la atenuación de esta mediante una jurisprudencia de excepción. Se procura, además, poner de manifiesto los criterios inconscientes y a veces veleidosos de esta jurisprudencia, la cual parece más apegada a una valoración de oportunidad pragmática que de legalidad. A ignorancia de muchos operadores impide entender en su plenitud los genuinos alcances del derecho inmobiliario. | ||
| 650 | 0 |
_aJurisprudencia laboral dominicana _987533 _vPublicaciones periódicas |
|
| 773 | 0 |
_g7 (13) ; ene.-jun. 2017, p. 72-80 _tJusticia & razón _wu2030 |
|
| 942 |
_2ddc _cISSUE |
||
| 999 |
_c58808 _d58808 |
||